000 01300nam a2200337 a 4500
001 ebr10630522
003 CaPaEBR
006 m u
007 cr cn|||||||||
008 120718s2012 njua sb 001 0 eng d
010 _z 2011279126
020 _z9781118167779 (hbk.)
020 _z1118167775 (hbk.)
020 _z9781118226384 (e-book)
040 _aCaPaEBR
_cCaPaEBR
035 _a(OCoLC)801977556
050 1 4 _aHF5415.126
_b.O33 2012eb
082 0 4 _a658.872
_223
100 1 _aOdden, Lee.
245 1 0 _aOptimize
_h[electronic resource] :
_bhow to attract and engage more customers by integrating SEO, social media, and content marketing /
_cLee Odden.
260 _aHoboken, N.J. :
_bWiley,
_c2012.
300 _axii, 243 p. :
_bill.
504 _aIncludes bibliographical references (p. 233-238) and index.
533 _aElectronic reproduction.
_bPalo Alto, Calif. :
_cebrary,
_d2011.
_nAvailable via World Wide Web.
_nAccess may be limited to ebrary affiliated libraries.
650 0 _aDirect marketing.
650 0 _aDirect selling.
650 0 _aSocial media.
655 7 _aElectronic books.
_2local
710 2 _aebrary, Inc.
856 4 0 _uhttp://site.ebrary.com/lib/rucke/Doc?id=10630522
_zAn electronic book accessible through the World Wide Web; click to view
999 _c52781
_d52781